00449 2200169 4500001002100000008004100021035002000062245004800082100002500130260003700155300002500192020001800217084001400235082000800249650001000257990001200267INLIS000000000001422 Ind  a0010-0924000019 aMempertajam mata BatincAhmad Ibnu Muhammad aIbnu Muhammad, Ahmad aSurabayabGita Media Pressc2008 a320 hlm.c15 x 23 cm a978-782-118-8 a200 AHM m a200 aAgama a0750923